[Event "Bethune"]
[Site "?"]
[Date "2000.12.29"]
[Round "5"]
[White "Satonnet Patrick"]
[Black "Daces Philippe"]
[Result "1/2-1/2"]
[WhiteElo "1880"]
[BlackElo "2079"]
[PlyCount "87"]
[EventDate "2000.??.??"]
[Source "www.chesslib.no"]
[SourceDate "2004.05.04"]

1. e4 e5 2. Nc3 Nf6 3. Bc4 Nxe4 4. Qh5 Nd6 5. Bb3 Be7 6. Qxe5 O-O 7. Nge2 Nc6 8. Qf4 Bg5 9. Qf3 Re8 10. O-O Na5 11. d3 Bxc1 12. Rfxc1 Rb8 13. Ne4 Nxb3 14. axb3 Nxe4 15. dxe4 a6 16. Ng3 d6 17. Rd1 Qg5 18. Rd5 Re5 19. Rxe5 Qxe5 20. Qc3 Qxc3 21. bxc3 Bd7 22. f3 Re8 23. Kf2 Re5 24. b4 Kf8 25. f4 Rb5 26. Ke3 c5 27. Rd1 cxb4 28. Rxd6 Ke7 29. Rd4 b3 30. cxb3 Rxb3 31. Ne2 Bb5 32. Rb4 Ra3 33. Rb2 Kd7 34. g4 Kc7 35. Kd4 Ra4+ 36. Ke3 Bxe2 37. Rxe2 Rc4 38. Kd3 b5 39. f5 a5 40. h3 a4 41. e5 Kd7 42. Rb2 Rc5 43. Kd4 Rc4+ 44. Kd3 1/2-1/2

[Event "Open"]
[Site "Dubna RUS"]
[Date "2007.08.09"]
[Round "10"]
[White "Shutov, B."]
[Black "Kazennova, D."]
[Result "0-1"]
[WhiteElo "1955"]
[BlackElo "1971"]
[PlyCount "52"]
[EventDate "2007.08.02"]
[Source "www.chesslib.no"]
[SourceDate "2004.05.04"]

1. e4 e5 2. Nc3 Nf6 3. Bc4 Nxe4 4. Qh5 Nd6 5. Bb3 Be7 6. Nf3 O-O 7. Nxe5 Bf6 8. d4 Nc6 9. Nxc6 dxc6 10. Be3 Nf5 11. O-O-O Bxd4 12. Kb1 c5 13. Ne4 Qe7 14. Bxd4 cxd4 15. Ng5 h6 16. Nxf7 Rxf7 17. Rhe1 Qf8 18. g4 Nd6 19. g5 hxg5 20. Rxd4 Bd7 21. Qxg5 Re8 22. Rg1 Be6 23. Rh4 Bxb3 24. Qh5 Bxc2+ 25. Ka1 Rxf2 26. Rxg7+ Qxg7 0-1

[Event "C1997P.007"]
[Site "IECG email"]
[Date "1997.??.??"]
[Round "?"]
[White "Coccomo, Barry"]
[Black "Perrotta, Andrea"]
[Result "0-1"]
[WhiteElo "2070"]
[BlackElo "1850"]
[PlyCount "42"]
[EventDate "1997.??.??"]
[Source "www.chesslib.no"]
[SourceDate "2004.05.04"]

1. e4 e5 2. Nc3 Nf6 3. Bc4 Nxe4 4. Qh5 Nd6 5. Bb3 Be7 6. Nf3 Nc6 7. Nxe5 O-O 8. O-O Nxe5 9. Qxe5 b6 10. Nd5 Re8 11. d4 Bb7 12. c3 Bf8 13. Qh5 g6 14. Qh3 c6 15. Ne3 Ne4 16. f4 d5 17. f5 Bc8 18. Qf3 Bh6 19. fxg6 fxg6 20. Qf7+ Kh8 21. Ng4 Bxc1 0-1

[Event "Nachod op 6th"]
[Site "?"]
[Date "2000.??.??"]
[Round "7"]
[White "Sebesta Petr"]
[Black "Rybak David"]
[Result "1/2-1/2"]
[WhiteElo "2045"]
[BlackElo "1815"]
[PlyCount "22"]
[EventDate "2000.??.??"]
[Source "www.chesslib.no"]
[SourceDate "2004.05.04"]

1. e4 e5 2. Nc3 Nf6 3. Bc4 Nxe4 4. Qh5 Nd6 5. Bb3 Be7 6. Nf3 Nc6 7. Nxe5 g6 8. Nxc6 dxc6 9. Qf3 O-O 10. d3 Nf5 11. Be3 Nh4 1/2-1/2

[Event "Corr"]
[Site "?"]
[Date "2001.10.10"]
[Round "?"]
[White "Zednik Martin"]
[Black "Fedorko Andrew"]
[Result "1/2-1/2"]
[WhiteElo "1871"]
[BlackElo "1977"]
[PlyCount "60"]
[EventDate "2001.??.??"]
[Source "www.chesslib.no"]
[SourceDate "2004.05.04"]

1. e4 e5 2. Nc3 Nf6 3. Bc4 Nxe4 4. Qh5 Nd6 5. Bb3 Be7 6. Nf3 Nc6 7. Nxe5 g6 8. Nxc6 dxc6 9. Qd1 O-O 10. O-O Bf6 11. Re1 Re8 12. h3 Rxe1+ 13. Qxe1 a5 14. a3 Bf5 15. d3 Qd7 16. Be3 Nb5 17. Na4 b6 18. Qd2 c5 19. Bc4 Bg7 20. Re1 Nd4 21. b3 b5 22. Nxc5 Qc6 23. c3 Qxc5 24. Bxd4 Bxd4 25. cxd4 Qc6 26. d5 Qb6 27. Qc3 bxc4 28. dxc4 Qd6 29. b4 axb4 30. axb4 Bd7 1/2-1/2

[Event "CZE-ch U14"]
[Site "?"]
[Date "2002.??.??"]
[Round "1"]
[White "Malinovsky Karel"]
[Black "Dvoulety Pavel"]
[Result "1-0"]
[WhiteElo "2114"]
[BlackElo "1663"]
[PlyCount "67"]
[EventDate "2002.??.??"]
[Source "www.chesslib.no"]
[SourceDate "2004.05.04"]

1. e4 e5 2. Nc3 Nf6 3. Bc4 Nxe4 4. Qh5 Nd6 5. Bb3 Be7 6. Nf3 Nc6 7. Nxe5 O-O 8. Nd5 Nd4 9. O-O Nxb3 10. axb3 b6 11. Re1 Bb7 12. Nxe7+ Qxe7 13. d4 f6 14. Nd3 Qf7 15. Qxf7+ Kxf7 16. Bf4 Nf5 17. c3 d6 18. f3 a5 19. Kf2 Rfe8 20. Rxe8 Rxe8 21. g4 Nh4 22. Ne1 g5 23. Bg3 Ng6 24. Nd3 Re7 25. c4 d5 26. Rc1 Ba6 27. Rc3 dxc4 28. bxc4 Rd7 29. d5 Bb7 30. b4 c6 31. bxa5 cxd5 32. axb6 dxc4 33. Nc5 Re7 34. Bd6 1-0

[Event "Corr"]
[Site "?"]
[Date "2001.03.27"]
[Round "?"]
[White "Beninsky Svejen"]
[Black "Dobrin Doron"]
[Result "1/2-1/2"]
[WhiteElo "1902"]
[BlackElo "1843"]
[PlyCount "95"]
[EventDate "2001.??.??"]
[Source "www.chesslib.no"]
[SourceDate "2004.05.04"]

1. e4 e5 2. Nc3 Nf6 3. Bc4 Nxe4 4. Qh5 Nd6 5. Bb3 Be7 6. Nf3 Nc6 7. Nxe5 g6 8. Nxc6 dxc6 9. Qf3 O-O 10. O-O Bf6 11. d3 Re8 12. Bd2 Be6 13. Bxe6 Rxe6 14. Rae1 Be5 15. Bf4 Qe7 16. Bxe5 Rxe5 17. Rxe5 Qxe5 18. Qe3 Qf6 19. a3 b6 20. Re1 Re8 21. Qd2 Rxe1+ 22. Qxe1 Kg7 23. Nd1 c5 24. c3 c6 25. h3 h5 26. Ne3 Qe6 27. Qd1 f5 28. d4 cxd4 29. Qxd4+ Kf7 30. Qa4 Qd7 31. Nc2 Ke8 32. Qb3 Ke7 33. Nd4 c5 34. Nf3 Qe6 35. Qa4 a5 36. Qh4+ Kd7 37. Qf4 Ke7 38. Qg5+ Ke8 39. Nh4 Kf7 40. Qd8 Nc4 41. Nf3 Kg7 42. Ng5 Qd6 43. Qe8 Qd1+ 44. Kh2 Qd6+ 45. g3 Ne5 46. Ne6+ Kf6 47. Nf4 Nf3+ 48. Kg2 1/2-1/2

[Event "Corr"]
[Site "?"]
[Date "1999.09.16"]
[Round "?"]
[White "Nagley Tim"]
[Black "Benyovszki Pal"]
[Result "1-0"]
[WhiteElo "2008"]
[BlackElo "1668"]
[PlyCount "51"]
[EventDate "1999.??.??"]
[Source "www.chesslib.no"]
[SourceDate "2004.05.04"]

1. e4 e5 2. Nc3 Nf6 3. Bc4 Nxe4 4. Qh5 Nd6 5. Bb3 Be7 6. Nf3 Nc6 7. Nxe5 g6 8. Nxc6 dxc6 9. Qf3 O-O 10. O-O Nf5 11. d3 Nd4 12. Qf4 Nxb3 13. axb3 Bd6 14. Qf3 Qh4 15. h3 Be6 16. Ra4 Qd8 17. Re4 Bf5 18. Re2 Re8 19. Rfe1 Qd7 20. Be3 a6 21. g4 Be6 22. Ne4 Be5 23. Bh6 Rad8 24. Nf6+ Bxf6 25. Qxf6 Qd4 26. Re5 1-0

[Event "FI.2001.0.00008 Jim Krepp Memorial"]
[Site "?"]
[Date "2001.??.??"]
[Round "?"]
[White "Chambers Christopher"]
[Black "Freire Daniel J"]
[Result "1/2-1/2"]
[WhiteElo "1750"]
[BlackElo "1865"]
[PlyCount "37"]
[EventDate "2001.??.??"]
[Source "www.chesslib.no"]
[SourceDate "2004.05.04"]

1. e4 e5 2. Nc3 Nf6 3. Bc4 Nxe4 4. Qh5 Nd6 5. Bb3 Be7 6. Nf3 Nc6 7. Nxe5 g6 8. Nxc6 dxc6 9. Qf3 O-O 10. O-O Nf5 11. d3 Nd4 12. Qf4 a5 13. Be3 Ne6 14. Bxe6 Bxe6 15. Ne4 a4 16. Bd2 f5 17. Ng5 Bxg5 18. Qxg5 Qxg5 19. Bxg5 1/2-1/2

[Event "Corr"]
[Site "?"]
[Date "2001.12.16"]
[Round "?"]
[White "Van Laar Jan"]
[Black "Berkley Stephen"]
[Result "1/2-1/2"]
[WhiteElo "1839"]
[BlackElo "1737"]
[PlyCount "47"]
[EventDate "2001.??.??"]
[Source "www.chesslib.no"]
[SourceDate "2004.05.04"]

1. e4 e5 2. Nc3 Nf6 3. Bc4 Nxe4 4. Qh5 Nd6 5. Bb3 Be7 6. Nf3 Nc6 7. Nxe5 O-O 8. Nxc6 dxc6 9. O-O Bf5 10. d3 Bg6 11. Qg4 Qc8 12. Qf4 Qd7 13. Be3 a6 14. Rae1 Rae8 15. a3 Bf6 16. Bd4 Bxd4 17. Qxd4 Re7 18. f4 Rfe8 19. Re5 Qc8 20. Rfe1 Nf5 21. Qf2 Qd7 22. Rxe7 Rxe7 23. Rxe7 Nxe7 24. h3 1/2-1/2

[Event "Plzen opJ-B"]
[Site "Plzen"]
[Date "1996.??.??"]
[Round "6"]
[White "Valenz, M."]
[Black "Konigova, Petra"]
[Result "1/2-1/2"]
[WhiteElo "1740"]
[BlackElo "1800"]
[PlyCount "47"]
[EventDate "1996.??.??"]
[Source "www.chesslib.no"]
[SourceDate "2004.05.04"]

1. e4 e5 2. Nc3 Nf6 3. Bc4 Nxe4 4. Qh5 Nd6 5. Bb3 Be7 6. Nf3 O-O 7. h4 Nc6 8. Ng5 h6 9. Qg6 Bxg5 10. hxg5 Qxg5 11. Qxg5 hxg5 12. d3 Nd4 13. Nd5 Nc6 14. Nxc7 Rb8 15. Bxg5 Nf5 16. g4 Nfd4 17. Rh3 Nxb3 18. axb3 f6 19. Be3 b6 20. Kd2 Rb7 21. Nb5 d5 22. f3 Rd7 23. Rah1 Ba6 24. Na3 1/2-1/2

[Event "CZE-ch U14 Girls"]
[Site "?"]
[Date "2002.??.??"]
[Round "3"]
[White "Pertlova Sona"]
[Black "Holoubkova Kamila"]
[Result "1/2-1/2"]
[WhiteElo "1829"]
[BlackElo "1653"]
[PlyCount "101"]
[EventDate "2002.??.??"]
[Source "www.chesslib.no"]
[SourceDate "2004.05.04"]

1. e4 e5 2. Nc3 Nf6 3. Bc4 Nxe4 4. Qh5 Nd6 5. Bb3 Be7 6. Qxe5 O-O 7. Nge2 Nc6 8. Qh5 Ne8 9. d4 Nf6 10. Qf3 d6 11. h3 Be6 12. d5 Ne5 13. Qe3 Bd7 14. O-O Re8 15. f4 Ng6 16. Qg3 Nh5 17. Qf3 Nh4 18. Qf2 Ng6 19. g4 Nf6 20. Qf3 Kh8 21. Qg3 Ng8 22. g5 Qc8 23. Kh2 Qd8 24. h4 h5 25. Nd4 a6 26. Nd1 Bb5 27. Nxb5 axb5 28. Qf3 Nf8 29. Qxh5+ Nh7 30. f5 g6 31. Qf3 Bxg5 32. hxg5 Nxg5 33. Bxg5 Qxg5 34. f6 Qe5+ 35. Kg1 Qd4+ 36. Nf2 Nxf6 37. c3 Qe5 38. Ng4 Nxg4 39. Qxg4 Kg7 40. Qf3 Rh8 41. Kg2 Qg5+ 42. Qg3 Qh5 43. Rf2 Rae8 44. Raf1 Re2 45. Rxe2 Qxe2+ 46. Kg1 Qxb2 47. Qf2 Qxc3 48. Qxf7+ Kh6 49. Qf4+ Kg7 50. Qf7+ Kh6 51. Qf4+ 1/2-1/2

[Event "Corr"]
[Site "?"]
[Date "1999.04.29"]
[Round "?"]
[White "Pljusnin Victor"]
[Black "Neet Jon"]
[Result "1-0"]
[WhiteElo "1899"]
[BlackElo "1567"]
[PlyCount "91"]
[EventDate "1999.??.??"]
[Source "www.chesslib.no"]
[SourceDate "2004.05.04"]

1. e4 e5 2. Nc3 Nf6 3. Bc4 Nxe4 4. Qh5 Nd6 5. Bb3 Be7 6. Nf3 Nc6 7. Nxe5 g6 8. Nxc6 dxc6 9. Qf3 O-O 10. O-O Nf5 11. d3 Nd4 12. Qf4 Nxb3 13. axb3 Bd6 14. Qf3 Qh4 15. h3 Bf5 16. Ra4 Qe7 17. Ne4 Bxe4 18. Rxe4 Qd7 19. Qf6 Rfe8 20. Bh6 Bf8 21. Bxf8 Rxf8 22. Rfe1 Rae8 23. Re7 Rxe7 24. Rxe7 Qd8 25. Qe5 Qb8 26. Qxc7 Qxc7 27. Rxc7 Re8 28. Kf1 Rb8 29. Ke2 Kf8 30. Ke3 Re8+ 31. Kf3 Re7 32. Rxe7 Kxe7 33. b4 b6 34. Ke4 Ke6 35. Kd4 Kd6 36. g4 f5 37. gxf5 gxf5 38. Ke3 Ke5 39. d4+ Ke6 40. Kf4 Kf6 41. c4 a6 42. d5 cxd5 43. cxd5 h6 44. b5 axb5 45. b4 h5 46. h4 1-0

[Event "Corr"]
[Site "?"]
[Date "2001.07.18"]
[Round "?"]
[White "Carothers Charles"]
[Black "Japelj Damjan"]
[Result "1/2-1/2"]
[WhiteElo "1673"]
[BlackElo "1695"]
[PlyCount "72"]
[EventDate "2001.??.??"]
[Source "www.chesslib.no"]
[SourceDate "2004.05.04"]

1. e4 e5 2. Nc3 Nf6 3. Bc4 Nxe4 4. Qh5 Nd6 5. Bb3 Be7 6. Nf3 Nc6 7. Nxe5 O-O 8. O-O Nxe5 9. Qxe5 Bf6 10. Qf4 b6 11. d4 Bb7 12. Nd5 Re8 13. Nxf6+ Qxf6 14. Qxf6 gxf6 15. Bf4 Re2 16. Rfe1 Rae8 17. Rxe2 Rxe2 18. Bxd6 cxd6 19. Rd1 h5 20. h3 f5 21. Rd3 Re1+ 22. Kh2 Re2 23. f3 Kg7 24. Kg1 f4 25. Rc3 Rd2 26. Rc7 Bc6 27. Rxa7 Rxd4 28. a4 Rd1+ 29. Kf2 Rb1 30. a5 bxa5 31. Rxa5 Kg6 32. Ra2 Rd1 33. Bc4 Rd2+ 34. Kg1 Kg5 35. b4 Rd4 36. Bxf7 Rxb4 1/2-1/2

[Event "CZE-ch U14"]
[Site "?"]
[Date "1999.??.??"]
[Round "?"]
[White "Cifka Stanislav"]
[Black "Tuma Jiri"]
[Result "0-1"]
[WhiteElo "1635"]
[BlackElo "1730"]
[PlyCount "56"]
[EventDate "1999.??.??"]
[Source "www.chesslib.no"]
[SourceDate "2004.05.04"]

1. e4 e5 2. Nc3 Nf6 3. Bc4 Nxe4 4. Qh5 Nd6 5. Bb3 Be7 6. Nf3 Nc6 7. Nxe5 Nxe5 8. Qxe5 O-O 9. O-O Bf6 10. Qf4 Re8 11. d4 b6 12. Bd2 Ba6 13. Rfe1 h6 14. Rxe8+ Nxe8 15. Qg4 Kf8 16. Qh5 Nd6 17. Ne4 g6 18. Bxh6+ Bg7 19. Nxd6 gxh5 20. Nxf7 Qe7 21. Ne5 Qd6 22. Re1 Bxh6 23. c3 Re8 24. Bc2 Rxe5 25. Rxe5 c5 26. Re4 Bb7 27. Re1 b5 28. f3 cxd4 0-1